Italian Brainrot Quiz - Statistics

General Stats
  • This quiz has been taken 1,487 times
  • The average score is 7 of 16
Answer Stats
Picture Answer % Correct
Tralalero tralala
89%
Tung tung tung sahur
78%
Brr brr patapim
70%
Lirili larila
66%
Bombardilo crocodilo
53%
Chimpanzini bananini
50%
Bombombini gusini
44%
Boneca ambalabu
41%
GLORBO
41%
La vaca saturno saturnita
39%
Trulimero trulichina
25%
Trippi troppi troppa trippa
23%
Cocofanto elefanto
20%
U din din din dun
16%
Crocodildo penisini
3%
Pippi poppa pippo peppe
2%
No matching quizzes found
Score Distribution
Percent of People with Each Score
Percentile by Number Answered
Your Score History
You have not taken this quiz